00422nam a2200157Ia 4500003000400000005001700004008004100021020001800062040000900080082002100089100002300110245004700133260004300180300000900223650003200232OSt20201104125540.0190216s9999||||xx |||||||||||||| ||und|| a9780099460954 coclc a799.29676bHEM/G aHemingway, Ernest  0aGreen Hills Of Africa /cEarnest Hemingway bVintage Random House, c1973.aLondon: a200p aEnglish Novel-English Novel